[Event "EU-ch Rapid (Women)"]
[Site "Monaco"]
[Date "2024.01.13"]
[Round "1"]
[White "Bellaiche, Elise"]
[Black "Wagner, Dinara"]
[Result "0-1"]
[WhiteElo "2012"]
[BlackElo "2459"]
[PlyCount "92"]
[EventDate "2024.01.13"]
[EventType "swiss (rapid)"]
[EventRounds "11"]
[EventCountry "MNC"]
[SourceTitle "CBM 218 Extra"]
[Source "ChessBase"]
[SourceDate "2024.03.31"]
[SourceVersion "1"]
[SourceVersionDate "2024.03.31"]
[SourceQuality "1"]

1. e4 c5 2. Nf3 d6 3. c3 Nf6 4. d3 g6 5. Be2 Bg7 6. 0-0 0-0 7. Nbd2 e5 8. Re1 Nc6 9. Nf1 d5 10. Ng3 Re8 11. Bg5 h6 12. Bd2 Be6 13. Qc2 Qd7 14. Rad1 Rad8 15. Bc1 b6 16. h3 Qc7 17. Bf1 d4 18. Bd2 dxc3 19. bxc3 c4 20. dxc4 Na5 21. Bc1 Nxc4 22. Rxd8 Rxd8 23. Rd1 Rc8 24. Be2 Kh7 25. Nf1 Nd6 26. Ng3 Nc4 27. Nf1 Qc6 28. Bxc4 Qxc4 29. Nxe5 Qxe4 30. Nd3 Nd5 31. Ng3 Qc4 32. Bb2 Nxc3 33. Rc1 Nxa2 34. Qxc4 Bxc4 35. Ra1 Bxd3 36. Bxg7 Kxg7 37. Rxa2 a5 38. Rd2 Rc3 39. Nf1 Bxf1 40. Kxf1 b5 41. Ke2 a4 42. Rb2 Rb3 43. Ra2 a3 44. Kd1 b4 45. Kc2 Rc3+ 46. Kd2 Kf6 0-1

[Event "EU-ch Blitz (Women)"]
[Site "Monaco"]
[Date "2024.01.12"]
[Round "11"]
[White "Bellaiche, Elise"]
[Black "Navrotescu, Andreea Cristiana"]
[Result "0-1"]
[WhiteElo "2012"]
[BlackElo "2222"]
[PlyCount "56"]
[EventDate "2024.01.12"]
[EventType "swiss (blitz)"]
[EventRounds "13"]
[EventCountry "MNC"]
[SourceTitle "CBM 218 Extra"]
[Source "ChessBase"]
[SourceDate "2024.03.31"]
[SourceVersion "1"]
[SourceVersionDate "2024.03.31"]
[SourceQuality "1"]

1. e4 e5 2. Nf3 Nc6 3. Bc4 Bc5 4. c3 Nf6 5. d3 0-0 6. Bb3 d5 7. Nbd2 dxe4 8. dxe4 a5 9. a4 Qe7 10. h3 Be6 11. Bc2 Rad8 12. Qe2 g6 13. 0-0 Nh5 14. Nc4 Ng3 15. Qe1 Bxc4 16. Bg5 f6 17. Be3 Nxf1 18. Bxc5 Qxc5 19. b3 Bd3 20. Bxd3 Rxd3 21. Qxf1 Rfd8 22. Kh2 Qxc3 23. Rc1 Qxb3 24. Rb1 Qxa4 25. Rxb7 Qxe4 26. Rxc7 Qf4+ 27. Kg1 Rd1 28. Ne1 Qe4 0-1

[Event "EU-ch Blitz (Women)"]
[Site "Monaco"]
[Date "2024.01.12"]
[Round "2"]
[White "Hryshchenko, Kamila"]
[Black "Bellaiche, Elise"]
[Result "1-0"]
[WhiteElo "2192"]
[BlackElo "2012"]
[PlyCount "74"]
[EventDate "2024.01.12"]
[EventType "swiss (blitz)"]
[EventRounds "13"]
[EventCountry "MNC"]
[SourceTitle "CBM 218 Extra"]
[Source "ChessBase"]
[SourceDate "2024.03.31"]
[SourceVersion "1"]
[SourceVersionDate "2024.03.31"]
[SourceQuality "1"]

1. e4 c5 2. d3 e6 3. Be2 d5 4. f4 Nc6 5. Nf3 Be7 6. 0-0 Nf6 7. e5 Nd7 8. c3 d4 9. c4 f6 10. exf6 Nxf6 11. Ne5 0-0 12. Nd2 Bd6 13. Nxc6 bxc6 14. Ne4 Nxe4 15. dxe4 e5 16. f5 Be7 17. Qd3 Bg5 18. Rf3 Bxc1 19. Rxc1 Qg5 20. Rcf1 Bd7 21. Rg3 Qe7 22. Qf3 Rf6 23. Qg4 Kh8 24. h4 Rb8 25. b3 a5 26. Rd3 a4 27. Ra1 Ra8 28. Rb1 a3 29. Qg5 Re8 30. g4 Rh6 31. Qxe7 Rxe7 32. b4 Rxh4 33. Rxa3 cxb4 34. Rxb4 Re8 35. Ra7 Bc8 36. Rb8 d3 37. Bd1 Rg8 1-0

[Event "EU-ch Blitz (Women)"]
[Site "Monaco"]
[Date "2024.01.12"]
[Round "4"]
[White "Papp, Petra"]
[Black "Bellaiche, Elise"]
[Result "1-0"]
[WhiteElo "2267"]
[BlackElo "2012"]
[PlyCount "65"]
[EventDate "2024.01.12"]
[EventType "swiss (blitz)"]
[EventRounds "13"]
[EventCountry "MNC"]
[SourceTitle "CBM 218 Extra"]
[Source "ChessBase"]
[SourceDate "2024.03.31"]
[SourceVersion "1"]
[SourceVersionDate "2024.03.31"]
[SourceQuality "1"]

1. e4 c5 2. Nf3 e6 3. d4 cxd4 4. Nxd4 Nc6 5. Nc3 Nf6 6. Ndb5 Bb4 7. a3 Bxc3+ 8. Nxc3 d5 9. exd5 exd5 10. Bd3 0-0 11. 0-0 d4 12. Ne2 Bg4 13. f3 Bh5 14. Bg5 Qd6 15. Qd2 Bg6 16. Rad1 Rad8 17. Ng3 Bxd3 18. Qxd3 h6 19. Nf5 Qe6 20. Bf4 Rd5 21. Ng3 Ne5 22. Bxe5 Qxe5 23. Rfe1 Qd6 24. Nf5 Rxf5 25. Qxf5 Qb6 26. b4 d3+ 27. Qc5 dxc2 28. Rc1 Qxc5+ 29. bxc5 Rc8 30. Rxc2 b6 31. c6 Nd5 32. Rd1 Ne7 33. c7 1-0

[Event "FISU World University"]
[Site "Tornelo INT"]
[Date "2020.10.27"]
[Round "5.7"]
[White "Bellaiche, Elise"]
[Black "Kubicka, Anna"]
[Result "0-1"]
[WhiteElo "2036"]
[BlackElo "2252"]
[PlyCount "108"]
[EventDate "2020.10.26"]
[EventType "team-swiss (rapid)"]
[EventRounds "9"]
[EventCountry "NET"]
[SourceTitle "CBM 199 Extra"]
[Source "ChessBase"]
[SourceDate "2021.01.31"]
[SourceVersion "1"]
[SourceVersionDate "2021.01.31"]
[SourceQuality "1"]
[WhiteTeam "France"]
[BlackTeam "Poland"]
[WhiteTeamCountry "FRA"]
[BlackTeamCountry "POL"]

1. e4 c5 2. Nf3 d6 3. d4 cxd4 4. Qxd4 Nf6 5. Bg5 Nc6 6. Bb5 e5 7. Bxc6+ bxc6 8. Qd3 Qa5+ 9. Nbd2 Ba6 10. c4 Qd8 11. 0-0 Be7 12. Rfe1 0-0 13. Rad1 Qc7 14. Qc2 h6 15. Be3 Ng4 16. Nf1 Rfe8 17. Bc1 Rad8 18. h3 Nf6 19. Ne3 g6 20. b3 Bf8 21. Bb2 Bb7 22. Rd2 h5 23. Red1 Bh6 24. Ba3 c5 25. Nd5 Bxd5 26. cxd5 Bxd2 27. Nxd2 Qb7 28. Bc1 Nh7 29. Nc4 Qc8 30. Rd3 Kh8 31. Qe2 f5 32. exf5 Qxf5 33. Ne3 Qf7 34. Nc4 Rf8 35. Be3 Rd7 36. Nd2 Nf6 37. Bg5 Nxd5 38. Ne4 Nf4 39. Bxf4 Qxf4 40. Rxd6 Rxd6 41. Nxd6 Rd8 42. Nc4 Kh7 43. g3 Qf5 44. Kg2 e4 45. Ne3 Qf3+ 46. Qxf3 exf3+ 47. Kxf3 Rd2 48. a3 Rd3 49. b4 cxb4 50. axb4 Rb3 51. g4 Rxb4 52. Nd5 Rb3+ 53. Kg2 a5 54. Nf6+ Kg7 0-1

[Event "FRA-ch Blitz Online Qual"]
[Site "Europe Echecs INT"]
[Date "2020.05.16"]
[Round "12"]
[White "Boyer, Mahel"]
[Black "Bellaiche, Elise"]
[Result "1/2-1/2"]
[WhiteElo "2294"]
[BlackElo "2036"]
[PlyCount "64"]
[EventDate "2020.05.16"]
[EventType "swiss (blitz)"]
[EventRounds "15"]
[EventCountry "FRA"]
[SourceTitle "CBM 196 Extra"]
[Source "ChessBase"]
[SourceDate "2020.07.31"]
[SourceVersion "1"]
[SourceVersionDate "2020.07.31"]
[SourceQuality "1"]

1. d4 d6 2. Nf3 Nd7 3. e4 e5 4. Bc4 Ngf6 5. dxe5 Nxe5 6. Nxe5 dxe5 7. Bxf7+ Ke7 8. Qxd8+ Kxd8 9. Nc3 Bc5 10. f3 Ke7 11. Bb3 Be6 12. Bg5 h6 13. Bxf6+ gxf6 14. Bxe6 Kxe6 15. Ke2 c6 16. Rad1 a5 17. Rd3 Rad8 18. Rxd8 Rxd8 19. Rd1 Rg8 20. g4 Bd4 21. Kf1 Bxc3 22. bxc3 h5 23. h3 b5 24. Kg2 h4 25. Kf2 a4 26. a3 Ke7 27. Ke3 Rd8 28. Rxd8 Kxd8 29. f4 exf4+ 30. Kxf4 Ke7 31. e5 fxe5+ 32. Kxe5 c5 1/2-1/2

[Event "FRA-ch Blitz Online Qual"]
[Site "Europe Echecs INT"]
[Date "2020.05.16"]
[Round "6"]
[White "Brasseur, Vincent"]
[Black "Bellaiche, Elise"]
[Result "0-1"]
[WhiteElo "1603"]
[BlackElo "2036"]
[PlyCount "62"]
[EventDate "2020.05.16"]
[EventType "swiss (blitz)"]
[EventRounds "15"]
[EventCountry "FRA"]
[SourceTitle "CBM 196 Extra"]
[Source "ChessBase"]
[SourceDate "2020.07.31"]
[SourceVersion "1"]
[SourceVersionDate "2020.07.31"]
[SourceQuality "1"]

1. e4 e6 2. d4 d5 3. e5 c5 4. c3 Nc6 5. Nf3 Bd7 6. a3 f6 7. Bd3 fxe5 8. dxe5 c4 9. Bc2 Nh6 10. Bxh6 gxh6 11. Nbd2 Bg7 12. Qe2 Qc7 13. 0-0-0 0-0 14. Rhe1 Be8 15. h3 Bg6 16. Nf1 b5 17. Nd4 Nxd4 18. Rxd4 b4 19. axb4 a5 20. Bxg6 hxg6 21. bxa5 Qxa5 22. Qc2 Qa1+ 23. Kd2 Rxf2+ 24. Re2 Rxf1 25. Ke3 Rf5 26. g4 Qg1+ 27. Kd2 h5 28. gxf5 Bh6+ 29. Re3 Bxe3+ 30. Ke2 Qf2+ 31. Kd1 Ra1+ 0-1

[Event "FRA-ch Blitz Online Qual"]
[Site "Europe Echecs INT"]
[Date "2020.05.16"]
[Round "9"]
[White "Lissillour, Baptiste"]
[Black "Bellaiche, Elise"]
[Result "1/2-1/2"]
[WhiteElo "1731"]
[BlackElo "2036"]
[PlyCount "83"]
[EventDate "2020.05.16"]
[EventType "swiss (blitz)"]
[EventRounds "15"]
[EventCountry "FRA"]
[SourceTitle "CBM 196 Extra"]
[Source "ChessBase"]
[SourceDate "2020.07.31"]
[SourceVersion "1"]
[SourceVersionDate "2020.07.31"]
[SourceQuality "1"]

1. d4 d6 2. Nf3 Nd7 3. c4 e5 4. Nc3 Ngf6 5. e4 Be7 6. Be2 0-0 7. 0-0 Re8 8. b3 h6 9. Bb2 Bf8 10. d5 Nc5 11. Qc2 Bg4 12. Ne1 Bxe2 13. Qxe2 Qd7 14. Nd3 Nxd3 15. Qxd3 a6 16. a4 Qd8 17. Ne2 a5 18. Ng3 Nd7 19. f4 Nc5 20. Qc2 exf4 21. Rxf4 Qg5 22. Raf1 Re7 23. Nf5 Ree8 24. Qe2 g6 25. Rg4 Qd8 26. Nd4 Bg7 27. Qf3 Rf8 28. Bc3 Nd7 29. Qg3 Ne5 30. Rgf4 Qe7 31. Nf3 Nxf3+ 32. Qxf3 Bxc3 33. Qxc3 Qe5 34. Qxe5 dxe5 35. Rf6 Kg7 36. R1f3 Rad8 37. Kf2 Rd6 38. Rxd6 cxd6 39. h4 f5 40. h5 b6 41. hxg6 Kxg6 42. Rg3+ 1/2-1/2

[Event "FRA-ch Blitz Online Qual"]
[Site "Europe Echecs INT"]
[Date "2020.05.16"]
[Round "14"]
[White "Nguyen, Thao Nhi"]
[Black "Bellaiche, Elise"]
[Result "0-1"]
[WhiteElo "1951"]
[BlackElo "2036"]
[PlyCount "56"]
[EventDate "2020.05.16"]
[EventType "swiss (blitz)"]
[EventRounds "15"]
[EventCountry "FRA"]
[SourceTitle "CBM 196 Extra"]
[Source "ChessBase"]
[SourceDate "2020.07.31"]
[SourceVersion "1"]
[SourceVersionDate "2020.07.31"]
[SourceQuality "1"]

1. e4 e6 2. d4 c5 3. d5 d6 4. Nf3 Nf6 5. dxe6 fxe6 6. e5 Nd5 7. exd6 Bxd6 8. Bc4 0-0 9. 0-0 Bc7 10. Bg5 Qd6 11. Nbd2 Nc6 12. Ne4 Qd7 13. Nxc5 Qf7 14. Bxd5 exd5 15. Re1 Bd6 16. Nd3 Bg4 17. Nfe5 Nxe5 18. f3 Nxd3 19. Qxd3 Bf5 20. Qb3 Rae8 21. Rad1 Rxe1+ 22. Rxe1 Bc5+ 23. Kf1 Bb6 24. Re7 Qg6 25. Bd2 Re8 26. Qxd5+ Kh8 27. Rxb7 Bxc2 28. Qd7 Bd3+ 0-1

[Event "Noisiel op 5th"]
[Site "Noisiel"]
[Date "2020.02.19"]
[Round "7"]
[White "Macon, Arthur"]
[Black "Bellaiche, Elise"]
[Result "1-0"]
[WhiteElo "2343"]
[BlackElo "2033"]
[PlyCount "93"]
[EventDate "2020.02.15"]
[EventType "swiss"]
[EventRounds "9"]
[EventCountry "FRA"]
[SourceTitle "CBM 195 Extra"]
[Source "ChessBase"]
[SourceDate "2020.05.31"]
[SourceVersion "1"]
[SourceVersionDate "2020.05.31"]
[SourceQuality "1"]

1. d4 d5 2. Nf3 Nf6 3. g3 c6 4. Bg2 Bf5 5. 0-0 e6 6. c4 Be7 7. Nc3 h6 8. Qb3 Qb6 9. c5 Qxb3 10. axb3 Na6 11. Ne5 Nb8 12. b4 Nbd7 13. Nxd7 Nxd7 14. b5 0-0 15. bxc6 bxc6 16. Ra6 Rfc8 17. b4 Bf6 18. e4 Bg6 19. Be3 e5 20. Rd1 dxe4 21. Nxe4 exd4 22. Bxd4 Bxd4 23. Rxd4 Re8 24. Rxd7 Bxe4 25. Raxa7 Rxa7 26. Rxa7 Bxg2 27. Kxg2 Rb8 28. Ra4 Kf8 29. Kf3 Ke7 30. Ke4 Ke6 31. Kd4 Rd8+ 32. Kc4 Rd2 33. Ra6 Kd7 34. Ra7+ Ke6 35. Rc7 Rc2+ 36. Kb3 Rxf2 37. Rxc6+ Kd7 38. Rd6+ Kc7 39. b5 Rf1 40. Rd3 f5 41. Kc4 g5 42. b6+ Kc8 43. Kb5 f4 44. Kc6 Rb1 45. gxf4 gxf4 46. Rh3 Kd8 47. Kb7 1-0

[Event "Noisiel op 5th"]
[Site "Noisiel"]
[Date "2020.02.15"]
[Round "1"]
[White "Jonkman, Harmen"]
[Black "Bellaiche, Elise"]
[Result "1-0"]
[WhiteElo "2385"]
[BlackElo "2033"]
[PlyCount "49"]
[EventDate "2020.02.15"]
[EventType "swiss"]
[EventRounds "9"]
[EventCountry "FRA"]
[SourceTitle "CBM 195 Extra"]
[Source "ChessBase"]
[SourceDate "2020.05.31"]
[SourceVersion "1"]
[SourceVersionDate "2020.05.31"]
[SourceQuality "1"]

1. e4 c5 2. Nf3 e6 3. c3 Nf6 4. e5 Nd5 5. d4 cxd4 6. cxd4 b6 7. Nc3 Nxc3 8. bxc3 Qc7 9. Bd2 Bb7 10. Bd3 d6 11. 0-0 Nd7 12. Ng5 dxe5 13. Qh5 g6 14. Qh3 Bg7 15. Rfe1 Nf8 16. Bb5+ Nd7 17. f4 a6 18. Ba4 h6 19. Nxe6 fxe6 20. Qxe6+ Kd8 21. Qxg6 Nf6 22. fxe5 Ne8 23. c4 Qxc4 24. Bxe8 Rxe8 25. Qd6+ 1-0

[Event "Paris Universities-ch"]
[Site "Paris"]
[Date "2019.02.03"]
[Round "9"]
[White "Bellaiche, Elise"]
[Black "Kern, Nicolas"]
[Result "0-1"]
[WhiteElo "2056"]
[BlackElo "2101"]
[PlyCount "95"]
[EventDate "2019.02.01"]
[EventType "swiss"]
[EventRounds "9"]
[EventCountry "FRA"]
[SourceTitle "CBM 188 Extra"]
[Source "ChessBase"]
[SourceDate "2019.02.28"]
[SourceVersion "1"]
[SourceVersionDate "2019.02.28"]
[SourceQuality "1"]

1. e4 c5 2. c3 Nf6 3. e5 Nd5 4. d4 cxd4 5. Nf3 e6 6. cxd4 b6 7. Bd3 d6 8. 0-0 Nd7 9. exd6 Bxd6 10. Nc3 Nxc3 11. bxc3 Bb7 12. Qe2 Qc7 13. Bd2 Rc8 14. h3 Bd5 15. Rfc1 Bc4 16. Ng5 Nf6 17. Ne4 Ba3 18. Re1 Nd5 19. Bxc4 Qxc4 20. Qg4 Kf8 21. Qg3 Qc7 22. Qf3 Be7 23. Rac1 Qc4 24. Bg5 Ba3 25. Rc2 h6 26. Bf4 Be7 27. Bd6 Rc6 28. Bxe7+ Kxe7 29. Qg3 g5 30. h4 f6 31. Nd2 Qa4 32. Rec1 Nf4 33. Qe3 Rhc8 34. c4 Kf7 35. Qe4 f5 36. Qe3 Qa5 37. hxg5 hxg5 38. g3 Nh3+ 39. Kg2 Rh8 40. Rh1 g4 41. Rcc1 Qb4 42. d5 exd5 43. cxd5 Rxc1 44. Rxc1 Qd6 45. Qd3 f4 46. Qf5+ Ke7 47. Re1+ Kd8 48. Ne4 0-1

[Event "Paris Universities-ch"]
[Site "Paris"]
[Date "2019.02.02"]
[Round "3"]
[White "Bellaiche, Elise"]
[Black "Defromont, Benjamin"]
[Result "1/2-1/2"]
[WhiteElo "2056"]
[BlackElo "2113"]
[PlyCount "84"]
[EventDate "2019.02.01"]
[EventType "swiss"]
[EventRounds "9"]
[EventCountry "FRA"]
[SourceTitle "CBM 188 Extra"]
[Source "ChessBase"]
[SourceDate "2019.02.28"]
[SourceVersion "1"]
[SourceVersionDate "2019.02.28"]
[SourceQuality "1"]

1. e4 e6 2. d4 d5 3. exd5 exd5 4. Bd3 Nc6 5. c3 Bd6 6. Nf3 Bg4 7. 0-0 Nge7 8. Re1 Qd7 9. Be3 0-0 10. Nbd2 Rfe8 11. Qc2 Bf5 12. Nf1 Bxd3 13. Qxd3 Ng6 14. Ng3 Bxg3 15. hxg3 Re7 16. Bg5 f6 17. Bd2 Rae8 18. Rxe7 Ncxe7 19. Re1 Nc8 20. Rxe8+ Qxe8 21. Qf5 c6 22. Bf4 Nb6 23. b3 Qd7 24. Qxd7 Nxd7 25. Kf1 Kf7 26. Ke2 Ke6 27. Nh4 Ne7 28. Bd2 Nc8 29. g4 Nd6 30. g3 Ne4 31. Nf5 g6 32. Ne3 b5 33. Ng2 Nb6 34. Nf4+ Kf7 35. Nd3 Nd7 36. Be1 Ke6 37. Bd2 a5 38. Be1 Nb6 39. Nf4+ Kf7 40. Nd3 Ke6 41. Nf4+ Kd7 42. Nd3 Ke6 1/2-1/2

[Event "FRA-chT Top 12 (Women) GpB"]
[Site "Mulhouse"]
[Date "2017.05.07"]
[Round "3.3"]
[White "Bellaiche, Elise"]
[Black "Steil Antoni, Fiona"]
[Result "1-0"]
[WhiteElo "2063"]
[BlackElo "2155"]
[PlyCount "65"]
[EventDate "2017.05.05"]
[EventType "team-tourn"]
[EventRounds "5"]
[EventCountry "FRA"]
[SourceTitle "CBM 178 Extra"]
[Source "ChessBase"]
[SourceDate "2017.06.22"]
[SourceVersion "1"]
[SourceVersionDate "2017.06.22"]
[SourceQuality "1"]
[WhiteTeam "Villepinte (W)"]
[BlackTeam "Vandoeuvre (W)"]
[WhiteTeamCountry "FRA"]
[BlackTeamCountry "FRA"]

1. e4 e5 2. Nf3 Nc6 3. Bc4 Bc5 4. 0-0 Nf6 5. d3 d6 6. c3 a6 7. Re1 Ba7 8. a4 0-0 9. h3 Ne7 10. d4 Ng6 11. Be3 exd4 12. Bxd4 c5 13. Be3 Nxe4 14. Nbd2 Nf6 15. Bg5 d5 16. Bxf6 gxf6 17. Bf1 Kh8 18. g3 Rg8 19. Bg2 f5 20. Ne5 Nxe5 21. Rxe5 Be6 22. Nf1 Qf6 23. Rxd5 Bxd5 24. Qxd5 f4 25. g4 Rae8 26. Qxb7 Re7 27. Qf3 Rb8 28. Ng3 Rxb2 29. Nh5 Qe5 30. Rd1 Re8 31. c4 Qe2 32. Qc3+ Qe5 33. Qxe5+ 1-0

[Event "FRA-chT Top 12 (Women) GpB"]
[Site "Mulhouse"]
[Date "2016.05.07"]
[Round "3.2"]
[White "Bellaiche, Elise"]
[Black "Milliet, Sophie"]
[Result "1/2-1/2"]
[WhiteElo "2075"]
[BlackElo "2346"]
[PlyCount "115"]
[EventDate "2016.05.05"]
[EventType "team-tourn"]
[EventRounds "5"]
[EventCountry "FRA"]
[SourceTitle "CBM 172 Extra"]
[Source "ChessBase"]
[SourceDate "2016.06.21"]
[SourceVersion "1"]
[SourceVersionDate "2016.06.21"]
[SourceQuality "1"]
[WhiteTeam "Villepinte (W)"]
[BlackTeam "Evry (W)"]
[WhiteTeamCountry "FRA"]
[BlackTeamCountry "FRA"]

1. e4 c5 2. Nf3 d6 3. d4 cxd4 4. Nxd4 Nf6 5. Nc3 a6 6. h3 e5 7. Nde2 b5 8. Bg5 Be7 9. Bxf6 Bxf6 10. Nd5 Nc6 11. Nec3 0-0 12. Bd3 Be6 13. 0-0 Bg5 14. a3 Rb8 15. Kh1 Ne7 16. Nxe7+ Qxe7 17. Be2 Rfc8 18. Bg4 Rc4 19. Qf3 g6 20. Bxe6 fxe6 21. Rad1 a5 22. Qd3 Qc7 23. Qxd6 Qxd6 24. Rxd6 b4 25. axb4 axb4 26. Na4 Rxc2 27. b3 Rf8 28. Kg1 Re2 29. Rxe6 Rexf2 30. Rxf2 Be3 31. Kh2 Rxf2 32. Kg3 Rf1 33. h4 Bf4+ 34. Kh3 h5 35. g3 Rf3 36. Rxg6+ Kf7 37. Kg2 Rxb3 38. Rb6 Rxg3+ 39. Kf1 Bd2 40. Nc5 Bc3 41. Rb7+ Kg8 42. Na6 Rf3+ 43. Kg2 Rf4 44. Nxb4 Bxb4 45. Rxb4 Rxh4 46. Kg3 Rg4+ 47. Kf3 Kg7 48. Rb5 Rg5 49. Rb7+ Kh6 50. Rb8 Kh7 51. Rb7+ Rg7 52. Rb5 Re7 53. Kg3 Kg6 54. Kh4 Re6 55. Ra5 Kh6 56. Rb5 Kg6 57. Ra5 Kh6 58. Rb5 1/2-1/2

[Event "Wch U18 Girls"]
[Site "Porto Carras"]
[Date "2015.11.04"]
[Round "10"]
[White "Blagojevic, Tijana"]
[Black "Bellaiche, Elise"]
[Result "1-0"]
[WhiteElo "2315"]
[BlackElo "2154"]
[PlyCount "121"]
[EventDate "2015.10.25"]
[EventType "swiss"]
[EventRounds "11"]
[EventCountry "GRE"]
[SourceTitle "CBM 169 Extra"]
[Source "ChessBase"]
[SourceDate "2015.12.18"]
[SourceVersion "1"]
[SourceVersionDate "2015.12.18"]
[SourceQuality "1"]

1. e4 e6 2. d4 d5 3. Nd2 Be7 4. Bd3 c5 5. dxc5 Nf6 6. Qe2 Nc6 7. Ngf3 Bxc5 8. e5 Ng4 9. 0-0 Qc7 10. Nb3 Bb6 11. Bf4 f6 12. Bb5 0-0 13. Bxc6 bxc6 14. h3 Nxe5 15. Nxe5 fxe5 16. Bxe5 Qe7 17. Nd4 Bd7 18. f4 Qh4 19. Qd2 c5 20. Nf3 Qh5 21. Kh2 Rac8 22. Rae1 h6 23. Bd6 Rfd8 24. Be7 Re8 25. Bh4 Bc7 26. Bg3 Rf8 27. Ne5 Bxe5 28. Rxe5 Rf5 29. Rfe1 Rcf8 30. Qa5 c4 31. Qxa7 Bc8 32. Qd4 Qg6 33. R1e2 R5f7 34. a4 Bd7 35. a5 Ra8 36. Be1 Qf6 37. Bd2 Qh4 38. g3 Qd8 39. f5 Rxf5 40. Rxf5 exf5 41. Qxd5+ Kh8 42. Bc3 Ba4 43. Qxf5 Ra7 44. Qf4 Re7 45. Rxe7 Qxe7 46. Qxc4 Qe3 47. Qf1 Qa7 48. Qe2 Bd7 49. Be1 Qd4 50. c4 Bf5 51. Qf2 Qd7 52. a6 Be4 53. Bc3 Kh7 54. Qd4 Qe7 55. Qe3 Qe6 56. b3 Qf5 57. Qd4 Qg6 58. b4 Ba8 59. Qxg7+ Qxg7 60. Bxg7 Kxg7 61. b5 1-0

[Event "Wch U18 Girls"]
[Site "Porto Carras"]
[Date "2015.11.02"]
[Round "8"]
[White "Hund, Sarah"]
[Black "Bellaiche, Elise"]
[Result "0-1"]
[WhiteElo "1916"]
[BlackElo "2154"]
[PlyCount "86"]
[EventDate "2015.10.25"]
[EventType "swiss"]
[EventRounds "11"]
[EventCountry "GRE"]
[SourceTitle "CBM 169 Extra"]
[Source "ChessBase"]
[SourceDate "2015.12.18"]
[SourceVersion "1"]
[SourceVersionDate "2015.12.18"]
[SourceQuality "1"]

1. e4 c5 2. Nc3 Nc6 3. f4 g6 4. Nf3 Bg7 5. Bb5 Nd4 6. 0-0 a6 7. Bd3 d6 8. Nxd4 cxd4 9. Ne2 Nf6 10. Kh1 0-0 11. Nxd4 Nxe4 12. Bxe4 Bxd4 13. Qf3 Rb8 14. c3 Bg7 15. f5 d5 16. Bxd5 Bxf5 17. Bxb7 Qb6 18. Be4 Bxe4 19. Qxe4 e5 20. d3 Rbd8 21. Be3 Qb5 22. Rad1 Rd7 23. Rd2 Rfd8 24. Rfd1 Kh8 25. Qc4 Qb7 26. d4 Qe4 27. Bg1 a5 28. Re2 Qb7 29. Rde1 h5 30. dxe5 Rd2 31. e6 fxe6 32. Qxe6 Kh7 33. Qb3 Qc6 34. Bd4 Rxe2 35. Rxe2 Rxd4 36. h3 Rd7 37. Re6 Rd1+ 38. Qxd1 Qxe6 39. a3 Qe3 40. Qf1 a4 41. c4 Bxb2 42. Qf7+ Bg7 43. g4 Qxh3+ 0-1

[Event "EU-ch U18 Girls 25th"]
[Site "Porec"]
[Date "2015.09.30"]
[Round "9"]
[White "Drogovoz, Maria"]
[Black "Bellaiche, Elise"]
[Result "1/2-1/2"]
[WhiteElo "1924"]
[BlackElo "2154"]
[PlyCount "73"]
[EventDate "2015.09.21"]
[EventType "swiss"]
[EventRounds "9"]
[EventCountry "CRO"]
[SourceTitle "EXT 2016"]
[Source "ChessBase"]
[SourceDate "2015.10.08"]
[SourceVersion "1"]
[SourceVersionDate "2015.10.08"]
[SourceQuality "1"]

1. e4 e6 2. Qe2 Be7 3. Nf3 d5 4. d3 Nf6 5. g3 b5 6. Bg2 dxe4 7. dxe4 b4 8. c4 bxc3 9. Nxc3 Ba6 10. Qd2 Nc6 11. Bf1 Bb7 12. Bb5 0-0 13. Qxd8 Raxd8 14. Bxc6 Bxc6 15. Ne5 Bb7 16. f3 Bc5 17. Bd2 Bd4 18. Nc4 Ba6 19. b3 Nd7 20. 0-0-0 Bxc4 21. bxc4 Ne5 22. Nb5 Nd3+ 23. Kb1 Nf2 24. Bb4 c5 25. Rxd4 Rxd4 26. Nxd4 Nxh1 27. Bxc5 Rc8 28. Nb3 f5 29. exf5 exf5 30. Kc2 h5 31. Kd3 a6 32. Be3 g6 33. c5 h4 34. Na5 hxg3 35. hxg3 Nxg3 36. Kd4 Kf7 37. Kc4 1/2-1/2

[Event "EU-ch U18 Girls 25th"]
[Site "Porec"]
[Date "2015.09.24"]
[Round "4"]
[White "Vangsgaard, Freja"]
[Black "Bellaiche, Elise"]
[Result "1/2-1/2"]
[WhiteElo "1957"]
[BlackElo "2154"]
[PlyCount "63"]
[EventDate "2015.09.21"]
[EventType "swiss"]
[EventRounds "9"]
[EventCountry "CRO"]
[SourceTitle "EXT 2016"]
[Source "ChessBase"]
[SourceDate "2015.10.08"]
[SourceVersion "1"]
[SourceVersionDate "2015.10.08"]
[SourceQuality "1"]

1. d4 d5 2. c4 c6 3. Nf3 Nf6 4. Qc2 g6 5. g3 Bg7 6. Bg2 0-0 7. 0-0 Be6 8. Ng5 Bf5 9. Qb3 Qc8 10. Nc3 h6 11. Nf3 dxc4 12. Qxc4 Nbd7 13. Re1 Bg4 14. e4 Bxf3 15. Bxf3 e5 16. Be3 Re8 17. Rad1 exd4 18. Bxd4 Ne5 19. Bxe5 Rxe5 20. Bg2 Rh5 21. f4 Ne8 22. e5 Nc7 23. Bf3 Rh3 24. e6 Nxe6 25. Bg4 Rh5 26. Bxh5 gxh5 27. Re2 Qc7 28. Ne4 b5 29. Qb4 a5 30. Qd2 Nd4 31. Rf2 Kh8 32. Kg2 1/2-1/2

[Event "Plancoet op 12th"]
[Site "Plancoet"]
[Date "2015.07.29"]
[Round "5"]
[White "Sochacki, Wojtek"]
[Black "Bellaiche, Elise"]
[Result "1/2-1/2"]
[WhiteElo "2302"]
[BlackElo "2116"]
[PlyCount "56"]
[EventDate "2015.07.26"]
[EventType "swiss"]
[EventRounds "9"]
[EventCountry "FRA"]
[SourceTitle "EXT 2016"]
[Source "ChessBase"]
[SourceDate "2015.10.08"]
[SourceVersion "1"]
[SourceVersionDate "2015.10.08"]
[SourceQuality "1"]

1. e4 c5 2. Nf3 e6 3. g3 Nc6 4. Bg2 d5 5. exd5 exd5 6. d4 Bg4 7. 0-0 Nxd4 8. Qe1+ Be6 9. Nxd4 cxd4 10. f4 Be7 11. f5 Bc8 12. Qe5 Nf6 13. Re1 h6 14. b3 Kf8 15. Qxd4 Qb6 16. Qxb6 axb6 17. Be3 Bxf5 18. Bxb6 Bxc2 19. Nc3 Bb4 20. Re3 Bxb3 21. Rb1 Bxc3 22. Rxb3 d4 23. Rd3 Rxa2 24. Bxd4 Bxd4+ 25. Rxd4 Kg8 26. Rxb7 Kh7 27. Bf1 Re8 28. Rxf7 Re1 1/2-1/2

[Event "FRA-chT GpA (Women)"]
[Site "Montpellier"]
[Date "2015.05.07"]
[Round "1.1"]
[White "Bellaiche, Elise"]
[Black "Nicolas, Gabrielle"]
[Result "1-0"]
[WhiteElo "2121"]
[BlackElo "1748"]
[PlyCount "83"]
[EventDate "2015.05.07"]
[EventType "team-tourn"]
[EventRounds "7"]
[EventCountry "FRA"]
[SourceTitle "CBM 166 Extra"]
[Source "ChessBase"]
[SourceDate "2015.06.18"]
[SourceVersion "1"]
[SourceVersionDate "2015.06.18"]
[SourceQuality "1"]
[WhiteTeam "Villepinte (W)"]
[BlackTeam "Nimes (W)"]
[WhiteTeamCountry "FRA"]
[BlackTeamCountry "FRA"]

1. e4 e6 2. d4 d5 3. Nc3 Nf6 4. Bg5 Be7 5. e5 Nfd7 6. Bxe7 Qxe7 7. f4 0-0 8. Nf3 c5 9. Nb5 Nc6 10. Nd6 f6 11. c3 cxd4 12. cxd4 fxe5 13. fxe5 Rxf3 14. Qxf3 Nxd4 15. Qf2 Nxe5 16. Qxd4 Qxd6 17. Be2 Bd7 18. 0-0 Nc6 19. Qh4 e5 20. Rad1 Qe7 21. Qh5 Be8 22. Qh3 Rd8 23. Bg4 Bd7 24. Rxd5 Bxg4 25. Rxd8+ Qxd8 26. Qxg4 Qd4+ 27. Qxd4 Nxd4 28. Re1 Nc6 29. Rf1 Nd4 30. Rf2 g6 31. Kf1 Kg7 32. Ke1 h5 33. h3 Nf5 34. g4 hxg4 35. hxg4 Ne3 36. g5 Nc4 37. Rc2 Nd6 38. Rc7+ Kf8 39. Rd7 Ne4 40. Rxb7 Nxg5 41. Rxa7 e4 42. Ke2 1-0